[Event "POR-ch (Women)"]
[Site "Vila Nova de Famalicao"]
[Date "2023.04.24"]
[Round "5"]
[White "Monteiro, Sara Cristina da Si"]
[Black "Duque, Raquel Dos Santos"]
[Result "1-0"]
[WhiteElo "1730"]
[BlackElo "1680"]
[PlyCount "45"]
[EventDate "2023.04.22"]
[EventType "swiss"]
[EventRounds "6"]
[EventCountry "POR"]
[SourceTitle "CBM 213 Extra"]
[Source "ChessBase"]
[SourceDate "2023.05.31"]
[SourceVersion "1"]
[SourceVersionDate "2023.05.31"]
[SourceQuality "1"]

1. d4 Nf6 2. c4 g6 3. Nc3 d5 4. Bg5 Ne4 5. Bh4 Nxc3 6. bxc3 Bg7 7. e3 c5 8. Nf3 Qa5 9. Qd2 Bg4 10. Be2 dxc4 11. h3 Be6 12. 0-0 Nd7 13. Ng5 Bd5 14. e4 Bc6 15. Bxc4 e6 16. Nxf7 Kxf7 17. Qf4+ Ke8 18. Qd6 Bf6 19. Qxe6+ Kd8 20. Bxf6+ Nxf6 21. Qxf6+ Kc7 22. Qe5+ Kd7 23. Qg7+ 1-0

[Event "POR-ch (Women)"]
[Site "Vila Nova de Famalicao"]
[Date "2023.04.22"]
[Round "1"]
[White "Correia, Margarida"]
[Black "Monteiro, Sara Cristina da Si"]
[Result "0-1"]
[WhiteElo "1189"]
[BlackElo "1730"]
[PlyCount "95"]
[EventDate "2023.04.22"]
[EventType "swiss"]
[EventRounds "6"]
[EventCountry "POR"]
[SourceTitle "CBM 213 Extra"]
[Source "ChessBase"]
[SourceDate "2023.05.31"]
[SourceVersion "1"]
[SourceVersionDate "2023.05.31"]
[SourceQuality "1"]

1. e4 d5 2. exd5 Qxd5 3. Nc3 Qa5 4. d4 c6 5. h3 Nf6 6. Bd2 Qb6 7. Nf3 Qxb2 8. Ne5 Qb6 9. Nf3 e6 10. Rb1 Qc7 11. Bd3 Be7 12. 0-0 0-0 13. Ne2 b6 14. Ng3 c5 15. dxc5 Bxc5 16. Ne4 Nbd7 17. Bg5 Be7 18. Re1 Bb7 19. Qe2 Rfe8 20. Nxf6+ Bxf6 21. Bxf6 Nxf6 22. Ne5 Nd5 23. Rb3 Nf4 24. Qd1 Rad8 25. f3 Qc5+ 26. Kh1 Qf2 27. Rg1 Qg3 28. Qe1 Qg5 29. Qe3 Nxh3 30. gxh3 Qxe3 31. Bxh7+ Kxh7 32. Rxe3 f6 33. Nd3 e5 34. Kg2 Rd4 35. a3 e4 36. fxe4 Rdxe4 37. Rxe4 Bxe4+ 38. Kf2 Bxd3 39. cxd3 Re5 40. d4 Ra5 41. Rg3 Kg8 42. Rd3 Kf7 43. Ke3 Ke6 44. Ke4 Rh5 45. Rg3 Rh4+ 46. Kd3 g5 47. Rf3 f5 48. Kc4 0-1

[Event "POR-ch (Women)"]
[Site "Odivelas"]
[Date "2020.09.11"]
[Round "3"]
[White "Monteiro, Sara Cristina da Si"]
[Black "Duque, Raquel Dos Santos"]
[Result "0-1"]
[WhiteElo "1709"]
[BlackElo "1404"]
[PlyCount "66"]
[EventDate "2020.09.10"]
[EventType "swiss"]
[EventRounds "5"]
[EventCountry "POR"]
[SourceTitle "CBM 198 Extra"]
[Source "ChessBase"]
[SourceDate "2020.11.30"]
[SourceVersion "1"]
[SourceVersionDate "2020.11.30"]
[SourceQuality "1"]

1. d4 Nf6 2. c4 g6 3. Nc3 d5 4. Nf3 Bg7 5. Bg5 Ne4 6. Bf4 Nxc3 7. bxc3 c5 8. e3 0-0 9. Qb3 cxd4 10. cxd4 Qa5+ 11. Nd2 dxc4 12. Bxc4 Nc6 13. Rd1 a6 14. 0-0 b5 15. Bd5 Bd7 16. Ne4 Rac8 17. Nc5 Bf5 18. h3 Nb4 19. Bb7 Bc2 20. Qc3 Rxc5 21. Qxc5 Bxd1 22. Rxd1 Qa4 23. Rd2 Nxa2 24. Bg5 e6 25. Be7 b4 26. Bxf8 Bxf8 27. Qc4 Nc3 28. Bxa6 Qa3 29. Qf1 b3 30. Bd3 b2 31. Bc2 Qa1 32. Bb1 Ba3 33. Kh2 Qxb1 0-1

[Event "Speed Chess (Women) Q1"]
[Site "Chess.com INT"]
[Date "2020.06.18"]
[Round "9"]
[White "Monteiro, Sara Cristina da Si"]
[Black "Zavivaeva, Evelina"]
[Result "1-0"]
[WhiteElo "1709"]
[BlackElo "1619"]
[PlyCount "59"]
[EventDate "2020.06.18"]
[EventType "swiss (blitz)"]
[EventRounds "9"]
[EventCountry "USA"]
[SourceTitle "CBM 196 Extra"]
[Source "ChessBase"]
[SourceDate "2020.07.31"]
[SourceVersion "1"]
[SourceVersionDate "2020.07.31"]
[SourceQuality "1"]

1. d4 Nf6 2. Bg5 e6 3. Nf3 Be7 4. c4 b6 5. Nc3 Bb7 6. e3 0-0 7. Be2 Ne4 8. Bf4 Nf6 9. Qc2 d5 10. 0-0 Nbd7 11. cxd5 exd5 12. Rac1 c6 13. Rfd1 Re8 14. Bd3 Bf8 15. Bg5 h6 16. Bh4 Qc7 17. Re1 a6 18. Qd2 Qd6 19. Bb1 Ne4 20. Qc2 Qg6 21. Nd2 Nxd2 22. Qxd2 Qg4 23. Bg3 Nf6 24. f3 Qe6 25. e4 dxe4 26. Nxe4 Nxe4 27. Rxe4 Qd7 28. Qd3 Rad8 29. Rxe8 Rxe8 30. Qh7# 1-0

[Event "POR-ch (Women)"]
[Site "Porto"]
[Date "2016.03.21"]
[Round "4"]
[White "Santos, Rita Alexandra"]
[Black "Monteiro, Sara Cristina da Si"]
[Result "0-1"]
[WhiteElo "1515"]
[BlackElo "1794"]
[PlyCount "56"]
[EventDate "2016.03.20"]
[EventType "swiss"]
[EventRounds "6"]
[EventCountry "POR"]
[SourceTitle "CBM 171 Extra"]
[Source "ChessBase"]
[SourceDate "2016.04.26"]
[SourceVersion "1"]
[SourceVersionDate "2016.04.26"]
[SourceQuality "1"]

1. e4 d5 2. exd5 Qxd5 3. Nc3 Qa5 4. d4 Nf6 5. Bd3 Bg4 6. f3 Bh5 7. Qd2 Nc6 8. Nge2 0-0-0 9. Qf4 e6 10. g4 Bg6 11. Bxg6 hxg6 12. g5 Bd6 13. Qe3 Nb4 14. Kd1 Nfd5 15. Nxd5 Nxd5 16. Qf2 e5 17. c3 exd4 18. Qxd4 Ne3+ 19. Qxe3 Bf4+ 20. Kc2 Bxe3 21. Bxe3 Qf5+ 22. Kb3 Qe6+ 23. c4 Qxe3+ 24. Nc3 Rd6 25. Rhe1 Rb6+ 26. Ka4 Qc5 27. Nd5 Qxc4+ 28. b4 Ra6# 0-1

[Event "POR-ch rapid (Women)"]
[Site "Matosinhos"]
[Date "2016.03.19"]
[Round "3"]
[White "Monteiro, Sara Cristina da Si"]
[Black "Nogueira, Diana Sofia Cunha"]
[Result "0-1"]
[WhiteElo "1742"]
[BlackElo "1573"]
[PlyCount "82"]
[EventDate "2016.03.19"]
[EventType "swiss (rapid)"]
[EventRounds "6"]
[EventCountry "POR"]
[SourceTitle "EXT 2018"]
[Source "ChessBase"]
[SourceDate "2017.10.13"]
[SourceVersion "1"]
[SourceVersionDate "2017.10.13"]
[SourceQuality "1"]

1. d4 Nf6 2. Bg5 d6 3. Nf3 Nbd7 4. c4 g6 5. Nc3 Bg7 6. e4 e5 7. dxe5 dxe5 8. Be2 c6 9. 0-0 0-0 10. Qc2 Qc7 11. Rfd1 Nc5 12. b4 Ne6 13. Be3 a5 14. a3 Ng4 15. Bd2 Nd4 16. Qd3 Nxe2+ 17. Qxe2 Be6 18. h3 Nf6 19. Ng5 Qe7 20. c5 h6 21. Nxe6 Qxe6 22. Na4 Nd7 23. Be3 Rfd8 24. Rd6 Qe8 25. b5 Bf8 26. Rdd1 Qe6 27. Rab1 Rdc8 28. Rxd7 Qxd7 29. Nb6 Qe6 30. Nxa8 Rxa8 31. bxc6 Qxc6 32. Qc4 Ra6 33. a4 Qc7 34. Qd5 Rc6 35. Rb5 Kg7 36. g3 Be7 37. f4 Bf6 38. f5 Bd8 39. Bd2 b6 40. cxb6 Rxb6 41. Rxb6 Qxb6+ 0-1

[Event "POR-ch rapid (Women)"]
[Site "Matosinhos"]
[Date "2016.03.19"]
[Round "2"]
[White "Oliveira, Madalena Cristovao"]
[Black "Monteiro, Sara Cristina da Si"]
[Result "0-1"]
[WhiteElo "1465"]
[BlackElo "1742"]
[PlyCount "44"]
[EventDate "2016.03.19"]
[EventType "swiss (rapid)"]
[EventRounds "6"]
[EventCountry "POR"]
[SourceTitle "EXT 2018"]
[Source "ChessBase"]
[SourceDate "2017.10.13"]
[SourceVersion "1"]
[SourceVersionDate "2017.10.13"]
[SourceQuality "1"]

1. e4 d5 2. exd5 Qxd5 3. Nc3 Qa5 4. Nf3 Bg4 5. Be2 Nf6 6. 0-0 Nc6 7. d3 0-0-0 8. Re1 e6 9. Ng5 Bxe2 10. Qxe2 Rd7 11. Bf4 Nd4 12. Qd2 h6 13. Nge4 Nxe4 14. Rxe4 Bb4 15. Be5 Nf5 16. a3 Bd6 17. Ra4 Qxe5 18. g3 a6 19. Ne4 Bc5 20. Ra5 Qxe4 21. Rxc5 Nd4 22. Kf1 Qh1# 0-1

[Event "POR-ch rapid (Women)"]
[Site "Matosinhos"]
[Date "2016.03.19"]
[Round "4"]
[White "Silva, Ana Ines Teixeira D"]
[Black "Monteiro, Sara Cristina da Si"]
[Result "1-0"]
[WhiteElo "1545"]
[BlackElo "1742"]
[PlyCount "81"]
[EventDate "2016.03.19"]
[EventType "swiss (rapid)"]
[EventRounds "6"]
[EventCountry "POR"]
[SourceTitle "EXT 2018"]
[Source "ChessBase"]
[SourceDate "2017.10.13"]
[SourceVersion "1"]
[SourceVersionDate "2017.10.13"]
[SourceQuality "1"]

1. e4 d5 2. exd5 Qxd5 3. Nc3 Qa5 4. d4 Nf6 5. Nf3 Bg4 6. Bc4 e6 7. Bd2 Nc6 8. Nd5 Bb4 9. Nxb4 Bxf3 10. Nxc6 Qb6 11. Qxf3 bxc6 12. 0-0 0-0 13. Bg5 Nd5 14. Bxd5 cxd5 15. Qg4 f5 16. Qh4 Qxb2 17. Rae1 Rae8 18. Re3 Qxc2 19. Rh3 f4 20. Bxf4 Rf6 21. Be5 Rh6 22. Qg5 Rg6 23. Qh5 Kf8 24. Qxh7 Qe4 25. Rg3 Rxg3 26. Qxe4 dxe4 27. hxg3 c6 28. Re1 Rd8 29. Rxe4 Rd5 30. Rg4 c5 31. Bxg7+ Kf7 32. Be5 c4 33. Rg7+ Ke8 34. Rc7 Ra5 35. Rxc4 Rxa2 36. Rc7 a5 37. Ra7 Ra1+ 38. Kh2 Ra2 39. f4 a4 40. g4 Ra3 41. g5 1-0

[Event "Olympiad Women-41"]
[Site "Tromsoe"]
[Date "2014.08.14"]
[Round "11.3"]
[White "Monteiro, Sara Cristina da Si"]
[Black "Fuentes Inzunza, Lesly"]
[Result "0-1"]
[WhiteElo "1781"]
[BlackElo "1895"]
[PlyCount "132"]
[EventDate "2014.08.02"]
[EventType "team-swiss"]
[EventRounds "11"]
[EventCountry "NOR"]
[SourceTitle "CBM 162"]
[Source "ChessBase"]
[SourceDate "2014.09.17"]
[SourceVersion "1"]
[SourceVersionDate "2014.09.17"]
[SourceQuality "1"]
[WhiteTeam "Portugal (W)"]
[BlackTeam "Chile (W)"]
[WhiteTeamCountry "POR"]
[BlackTeamCountry "CHI"]

1. d4 d5 2. Nf3 Nf6 3. Bg5 e6 4. e3 Be7 5. c4 0-0 6. Nc3 b6 7. Be2 Bb7 8. 0-0 Ne4 9. Nxe4 dxe4 10. Bxe7 Qxe7 11. Nd2 Nd7 12. Qb3 Rfd8 13. Qc2 Nf6 14. Nb3 e5 15. dxe5 Qxe5 16. c5 Bd5 17. Nd4 bxc5 18. Qxc5 Nd7 19. Qc2 c5 20. Nb5 Nf6 21. b3 a6 22. Na3 Be6 23. Rfd1 Ng4 24. Bxg4 Bxg4 25. Rxd8+ Rxd8 26. Rc1 h6 27. Nc4 Qe6 28. Qc3 Rd5 29. Nd2 Qg6 30. Nf1 h5 31. h4 Be2 32. Ng3 Bd3 33. Qa5 Qd6 34. Qc3 Qe7 35. Qa5 Qd6 36. Qc3 Qe6 37. Nf1 g5 38. hxg5 Rxg5 39. f4 Rg7 40. Qd2 Qf5 41. Qf2 Rg4 42. Nh2 Rg6 43. Nf1 Rc6 44. Qh4 Qg4 45. Qxg4+ hxg4 46. Kf2 Kg7 47. Nd2 f5 48. Nc4 Bxc4 49. Rxc4 a5 50. a3 Kf6 51. Ra4 Rb6 52. Rxa5 Rxb3 53. Rxc5 Rxa3 54. Rc6+ Kf7 55. Rc2 Rd3 56. Re2 Ke6 57. Kg3 Kd5 58. Kh4 Kc4 59. Kg5 Rd5 60. Re1 Kc3 61. Ra1 Kd2 62. Ra3 Ke2 63. g3 Kf3 64. Kf6 Kxg3 65. Ke6 Rb5 66. Ra6 Kf3 0-1

[Event "Olympiad Women-41"]
[Site "Tromsoe"]
[Date "2014.08.08"]
[Round "6.3"]
[White "Monteiro, Sara Cristina da Si"]
[Black "Alymbay, Kyzy Aizhan"]
[Result "0-1"]
[WhiteElo "1781"]
[BlackElo "1859"]
[PlyCount "71"]
[EventDate "2014.08.02"]
[EventType "team-swiss"]
[EventRounds "11"]
[EventCountry "NOR"]
[SourceTitle "CBM 162"]
[Source "ChessBase"]
[SourceDate "2014.09.17"]
[SourceVersion "1"]
[SourceVersionDate "2014.09.17"]
[SourceQuality "1"]
[WhiteTeam "Portugal (W)"]
[BlackTeam "Kyrgyzstan (W)"]
[WhiteTeamCountry "POR"]
[BlackTeamCountry "KGZ"]

1. d4 d5 2. c4 c6 3. Nc3 Nf6 4. Nf3 e6 5. e3 Nbd7 6. Bd3 dxc4 7. Bxc4 b5 8. Bd3 Bb7 9. 0-0 a6 10. b3 Be7 11. Bb2 0-0 12. Rc1 Qb8 13. Ne4 Rd8 14. Nc5 Nxc5 15. dxc5 Qa7 16. b4 a5 17. a3 axb4 18. axb4 Qa4 19. Rb1 Qxd1 20. Rfxd1 Nd5 21. Be2 Nxb4 22. Bd4 Nd5 23. Ne1 f6 24. e4 Nf4 25. Bg4 f5 26. exf5 exf5 27. Bf3 Ne6 28. Be3 f4 29. Bg4 fxe3 30. Bxe6+ Kh8 31. fxe3 Bxc5 32. Nc2 Re8 33. Bg4 g6 34. Kf2 Ra2 35. Rd7 Rxc2+ 36. Ke1 0-1

[Event "Olympiad Women-41"]
[Site "Tromsoe"]
[Date "2014.08.06"]
[Round "5.3"]
[White "Jalloul, Maya M"]
[Black "Monteiro, Sara Cristina da Si"]
[Result "0-1"]
[WhiteElo "1922"]
[BlackElo "1781"]
[PlyCount "156"]
[EventDate "2014.08.02"]
[EventType "team-swiss"]
[EventRounds "11"]
[EventCountry "NOR"]
[SourceTitle "CBM 162"]
[Source "ChessBase"]
[SourceDate "2014.09.17"]
[SourceVersion "1"]
[SourceVersionDate "2014.09.17"]
[SourceQuality "1"]
[WhiteTeam "Lebanon (W)"]
[BlackTeam "Portugal (W)"]
[WhiteTeamCountry "LBN"]
[BlackTeamCountry "POR"]

1. e4 d5 2. exd5 Qxd5 3. Nf3 Bg4 4. Be2 Nc6 5. 0-0 0-0-0 6. Re1 Nf6 7. h3 Bh5 8. d3 e6 9. Nbd2 Bc5 10. Nc4 Nd4 11. Nxd4 Qxd4 12. Be3 Bxe2 13. Qxe2 Qd5 14. Bxc5 Qxc5 15. Ne5 Rhf8 16. c3 Nd7 17. d4 Qd5 18. Qc2 g6 19. Qa4 a6 20. Rad1 Nb6 21. Qa3 Nc4 22. Nxc4 Qxc4 23. Re5 f6 24. b3 Qc6 25. Re3 Rfe8 26. Rde1 Rd5 27. f3 Qd6 28. Qa4 b5 29. Qa5 Kb7 30. b4 Rg5 31. R1e2 Qg3 32. Kh1 e5 33. Qa3 Rd8 34. Qb2 exd4 35. cxd4 Rgd5 36. Rd3 Re5 37. dxe5 Rxd3 38. Qc2 Rd4 39. e6 Qd6 40. Re1 Qxb4 41. Rc1 Rc4 42. Qd1 Qd6 43. Rb1 Qxe6 44. a4 b4 45. a5 Qc6 46. Qd2 Qd6 47. Qe2 Rd4 48. Qc2 f5 49. Qb3 c5 50. Qf7+ Qd7 51. Qf8 Rd1+ 52. Rxd1 Qxd1+ 53. Kh2 Qd7 54. Kh1 Qc7 55. Qg8 Qd7 56. Qc4 Qd1+ 57. Kh2 Qd6+ 58. Kh1 Qc7 59. Qd5+ Ka7 60. Qg8 Qd7 61. Qc4 Qd1+ 62. Kh2 Qd4 63. Qf7+ Kb8 64. Qg8+ Kc7 65. Qxh7+ Kc6 66. Qa7 Qd6+ 67. Kh1 Kb5 68. Qf7 Kxa5 69. Qa2+ Kb6 70. g4 fxg4 71. hxg4 Kb5 72. Qa1 c4 73. Qf1 b3 74. Qe1 a5 75. Qe8+ Qc6 76. Qe5+ Kb4 77. Qe7+ Ka4 78. Qe2 c3 0-1

[Event "POR-ch (Women) rapid"]
[Site "Lisbon"]
[Date "2014.04.12"]
[Round "4"]
[White "Monteiro, Sara Cristina da Si"]
[Black "Jorge, Rita Maria Osorio"]
[Result "0-1"]
[WhiteElo "1784"]
[BlackElo "1699"]
[PlyCount "66"]
[EventDate "2014.04.12"]
[EventType "swiss (rapid)"]
[EventRounds "6"]
[EventCountry "POR"]
[SourceTitle "EXT 2015"]
[Source "ChessBase"]
[SourceDate "2014.11.20"]
[SourceVersion "1"]
[SourceVersionDate "2014.11.20"]
[SourceQuality "1"]

1. d4 d5 2. Bg5 Nf6 3. Nf3 e6 4. e3 h6 5. Bh4 Be7 6. Bd3 0-0 7. 0-0 Nbd7 8. c4 b6 9. Nc3 Bb7 10. Rc1 Rc8 11. a3 c5 12. b3 a6 13. Re1 cxd4 14. Nxd4 Bxa3 15. Rc2 Be7 16. cxd5 Nxd5 17. Nxd5 Bxh4 18. Rxc8 Qxc8 19. Nb4 Nc5 20. Bb1 Rd8 21. Qg4 Bf6 22. Nf3 Bc3 23. Rf1 Nxb3 24. Nd3 Bxf3 25. gxf3 Nd2 26. Bc2 Qc6 27. e4 Nxf1 28. Kxf1 Bf6 29. e5 Qxc2 30. exf6 Qxd3+ 31. Kg2 Qg6 32. fxg7 Qxg4+ 33. fxg4 Kxg7 0-1

[Event "POR-ch prel"]
[Site "Lisbon"]
[Date "2013.07.19"]
[Round "6.26"]
[White "Dias, Jose Oliveira Gaspa"]
[Black "Monteiro, Sara Cristina da Si"]
[Result "1/2-1/2"]
[WhiteElo "1621"]
[BlackElo "1825"]
[PlyCount "65"]
[EventDate "2013.07.15"]
[EventType "swiss"]
[EventRounds "9"]
[EventCountry "POR"]
[SourceTitle "EXT 2015"]
[Source "ChessBase"]
[SourceDate "2014.11.20"]
[SourceVersion "1"]
[SourceVersionDate "2014.11.20"]
[SourceQuality "1"]

1. Nf3 d5 2. d3 Bg4 3. Nbd2 c5 4. g3 Nc6 5. Bg2 Nf6 6. 0-0 e5 7. h3 Bd7 8. e4 d4 9. a4 Be7 10. Nc4 Qc7 11. Nh2 Na5 12. Nxa5 Qxa5 13. Bd2 Qc7 14. f4 Rc8 15. Nf3 Bd6 16. f5 Nh5 17. Kh2 g6 18. Nh4 Be7 19. Bh6 Qd8 20. Qf3 Bxh4 21. gxh4 Qxh4 22. fxg6 hxg6 23. Qxf7+ Kd8 24. Qxg6 Kc7 25. Qg5 Qg3+ 26. Qxg3 Nxg3 27. Kxg3 Rxh6 28. Rf7 Rg8+ 29. Kf2 Kd6 30. Rf3 Rhg6 31. Bh1 Rh6 32. Bg2 Rhg6 33. Bh1 1/2-1/2

[Event "POR-ch prel"]
[Site "Lisbon"]
[Date "2013.07.17"]
[Round "4.27"]
[White "Monteiro, Sara Cristina da Si"]
[Black "Flores, Miguel Santos"]
[Result "1-0"]
[WhiteElo "1825"]
[BlackElo "1510"]
[PlyCount "83"]
[EventDate "2013.07.15"]
[EventType "swiss"]
[EventRounds "9"]
[EventCountry "POR"]
[SourceTitle "EXT 2015"]
[Source "ChessBase"]
[SourceDate "2014.11.20"]
[SourceVersion "1"]
[SourceVersionDate "2014.11.20"]
[SourceQuality "1"]

1. d4 d5 2. Bg5 Nc6 3. e3 Bf5 4. a3 f6 5. Bf4 e5 6. dxe5 fxe5 7. Bg3 Nf6 8. Bb5 Bd6 9. Nf3 e4 10. Nd4 Qd7 11. Nc3 a6 12. Ba4 b5 13. Bb3 Nxd4 14. exd4 Bxg3 15. hxg3 c6 16. Qd2 0-0 17. 0-0-0 Rae8 18. Rde1 Ng4 19. Nd1 Qf7 20. f3 exf3 21. gxf3 Nf6 22. Ne3 Bg6 23. g4 Nd7 24. Rhf1 h5 25. c3 h4 26. Qh2 Qf6 27. f4 Be4 28. g5 Qg6 29. Qxh4 Kf7 30. f5 Qd6 31. g6+ Qxg6 32. fxg6+ Ke6 33. Qxe4+ Ne5 34. Qxe5+ Kd7 35. Qxg7+ Kd8 36. Rxf8 Rxf8 37. Qxf8+ Kc7 38. Nxd5+ cxd5 39. Qc5+ Kb7 40. Re7+ Kb8 41. Qc7+ Ka8 42. Bxd5# 1-0